| 000 | 00340 a2200121 4500 | ||
|---|---|---|---|
| 001 | 92370 | ||
| 082 | _aPR 2569 | ||
| 090 |
_c44339 _d44340 |
||
| 100 | _aTayyab Ahmed & Ali ,Prof FArooq and M. Ayaz (Advisors) | ||
| 245 |
_aDevelopment of a RC Volt Unmanned Aerial Vehicle _n79'A' EC |
||
| 260 |
_aIslamabad _bNUST _c2015 |
||
| 300 | _axvi,95p. | ||
| 942 |
_aCAE NUST _kPR 2569 |
||
| 999 |
_c327443 _d327443 |
||